[Event "VIE-ch U20 Girls"]
[Site "Ho Chi Minh City"]
[Date "2014.07.15"]
[Round "5"]
[White "Nguyen Tran Ngoc, Thuy"]
[Black "Tran, Nguyen Bao Tran"]
[Result "1-0"]
[WhiteElo "1887"]
[BlackElo "1577"]
[PlyCount "119"]
[EventDate "2014.07.13"]
[EventType "swiss"]
[EventRounds "9"]
[EventCountry "VIE"]
[SourceTitle "EXT 2016"]
[Source "ChessBase"]
[SourceDate "2015.10.08"]
[SourceVersion "1"]
[SourceVersionDate "2015.10.08"]
[SourceQuality "1"]

1. e4 d5 2. exd5 Qxd5 3. Nc3 Qa5 4. d4 Nf6 5. Nf3 Bf5 6. Be2 e6 7. 0-0 c6 8. a3 Nbd7 9. Bf4 Be7 10. Re1 0-0 11. Bd3 Bxd3 12. Qxd3 h6 13. Ne5 Nxe5 14. Bxe5 Qd8 15. Rad1 Ng4 16. Bg3 Bh4 17. Qf3 Bxg3 18. Qxg4 Bc7 19. Rd3 f5 20. Qe2 Rf6 21. Re3 Qd6 22. g3 Re8 23. Rd3 Rg6 24. d5 e5 25. dxc6 Qxc6 26. Nd5 Bb8 27. Nf4 Rf6 28. Rc3 Qd7 29. Nd3 Qf7 30. Nc5 b6 31. Na6 Bd6 32. Qc4 Qxc4 33. Rxc4 Kf7 34. Rd1 Kg6 35. Rc6 Ree6 36. b4 h5 37. c4 e4 38. Nc7 Bxc7 39. Rxc7 Rc6 40. Rxa7 Kh6 41. Rd4 Rfe6 42. Rad7 g6 43. b5 Rc8 44. Rb7 Ra8 45. h4 e3 46. Rdd7 Rh8 47. Re7 exf2+ 48. Kxf2 Rxe7 49. Rxe7 Rc8 50. Rb7 Rxc4 51. Rxb6 Rc2+ 52. Ke3 Rc3+ 53. Kf4 Rxa3 54. Rb8 Ra4+ 55. Ke5 Ra7 56. b6 Ra3 57. Rh8+ Kg7 58. b7 Ra5+ 59. Kd6 Ra6+ 60. Kc5 1-0

[Event "VIE-ch U20 Girls"]
[Site "Ho Chi Minh City"]
[Date "2014.07.13"]
[Round "2"]
[White "Mai, Ngoc Nhi"]
[Black "Tran, Nguyen Bao Tran"]
[Result "1-0"]
[WhiteElo "1695"]
[BlackElo "1577"]
[PlyCount "103"]
[EventDate "2014.07.13"]
[EventType "swiss"]
[EventRounds "9"]
[EventCountry "VIE"]
[SourceTitle "EXT 2016"]
[Source "ChessBase"]
[SourceDate "2015.10.08"]
[SourceVersion "1"]
[SourceVersionDate "2015.10.08"]
[SourceQuality "1"]

1. e4 d5 2. exd5 Qxd5 3. Nc3 Qa5 4. d4 c6 5. Nf3 Nf6 6. Bd3 Bg4 7. h3 Bh5 8. g4 Bg6 9. Bxg6 hxg6 10. Bd2 e6 11. a3 Qc7 12. Qe2 Nbd7 13. 0-0-0 0-0-0 14. Kb1 Bd6 15. Bg5 Rde8 16. Bxf6 Nxf6 17. Ne5 Nd5 18. Qf3 Rhf8 19. Nc4 Be7 20. Rhe1 Nxc3+ 21. Qxc3 Bf6 22. Ne5 g5 23. Qe3 Kb8 24. Rd3 Rd8 25. Nf3 Qb6 26. c3 c5 27. dxc5 Rxd3 28. cxb6 Rxe3 29. bxa7+ Kxa7 30. Rxe3 Rd8 31. Kc2 Kb6 32. Nd2 Be7 33. Rd3 Rxd3 34. Kxd3 f6 35. Nc4+ Ka6 36. Nd2 Ka5 37. Nb3+ Ka4 38. Nd4 e5 39. Nf5 Bc5 40. f3 g6 41. Ng3 Kb3 42. Ne4 Be7 43. Nd2+ Kxb2 44. Nc4+ Kb3 45. Na5+ Kxa3 46. Nxb7 Ka4 47. Kc4 Ba3 48. Nc5+ Ka5 49. Nd7 Be7 50. Kd5 f5 51. Nxe5 f4 52. Nc6+ 1-0